LEADER 00674nab a2200145 i 4500 001 000000304895 003 CaOOAMICUS 005 20180831172828.0 008 180831n it uu u0 0ita r 013 $a12833 040 $aSeMil$bita 245 13$aIl Foglio della Pastorale Sociale e del Lavoro di Milano. - Inserto con sequenza di paginazione autonoma. 710 0 $aArcidiocesi di Milano : Servizio per la vita sociale e il lavoro.$0(OLS)http://semarc/name/70141 773 0 $tBestie di Satana, una storia finita?.$gp.[I]-IV$w()263591 996 $6245$aIl Foglio della Pastorale Sociale e del Lavoro di Milano. - Inserto con sequenza di paginazione autonoma.$9(OLS)http://semarc/title/380606 LEADER 01302nam a2200289 i 4500 001 000000122013 003 CaOOAMICUS 005 20220527102033.0 008 040401s2004 it u000 u ita u 013 $a94708 020 $a88-315-2568-9 040 $aSeMil$bita 100 1 $aBarbiero, Gianni,$d<1944- >.$0(OLS)http://semarc/name/18466 245 10$aCantico dei cantici /$cnuova versione, introduzione e commento di Gianni Barbiero ; con illustrazioni di Othmar Keel. 260 $aMilano :$bPaoline,$c2004. 300 $a594 p. :$bill. ;$c24 cm. 490 0 $aI libri biblici. Primo Testamento ;$v24 650 4$aBibbia. Antico Testamento. Cantico dei Cantici - Commentari, studi, critica, interpretazioni.$0(OLS)http://semarc/subject/5490 700 1 $aKeel, Othmar,$d<1937- >.$0(OLS)http://semarc/name/189 830 2$aI libri biblici. Primo Testamento ;$v24.$0(OLS)http://semarc/title/5823 850 $aSeMil 852 $aSeMil$W1$xVenegono$y1$m2XA I 24$j77043$B77043$CSeMilBibl$Z2$F81566 $81 961 $aSottoscrizione: Cittą Nuova (Agente) 996 $6020$a88-315-2568-9$9(OLS)http://semarc/number/107671 996 $6245$aCantico dei cantici$9(OLS)http://semarc/title/84901 996 $6260$aMilano :$bPaoline$9(OLS)http://semarc/publisher/29684